Φορτώνει......

Katha upanisad: with the original text in sanskrit and roman transliteration

Λεπτομέρειες βιβλιογραφικής εγγραφής
Κύριος συγγραφέας: Muninarayana Prasad
Μορφή: Printed Book
Έκδοση: New Delhi, D K Print World 1998
Σειρά:Rediscovering indian literary classics
Θέματα:
LEADER 006560000a22002050004500
020 |a 81-246-0110-0 
041 |a en 
082 |a 294.592 18 N8 
100 |a Muninarayana Prasad 
245 |a Katha upanisad: with the original text in sanskrit and roman transliteration 
260 |a New Delhi, D K Print World 
260 |c 1998 
490 |a Rediscovering indian literary classics  |c 7 
650 |a Hinduism 
650 |a Kathopanisad 
650 |a Sacred Books 
650 |a Upanishads 
942 |c BK 
999 |c 151260  |d 151256 
952 |0 0  |1 0  |4 0  |6 294_592000000000000_18_N8  |7 0  |9 150086  |a SCK  |b SCK  |d 2017-10-23  |l 0  |o 294.592 18 N8  |p SCK04556  |r 2017-10-23  |w 2017-10-23  |y BK